[Event "TCh-CHN 2015"]
[Site "China CHN"]
[Date "2015.07.24"]
[Round "8.5"]
[Board "3"]
[White "Zhao, Jun"]
[Black "Bu, Xiangzhi"]
[Result "1/2-1/2"]
[WhiteTitle "GM"]
[BlackTitle "GM"]
[WhiteElo "2621"]
[BlackElo "2681"]
[WhiteTeam "Shandong"]
[BlackTeam "Chongqing"]
[WhiteFideId "8602522"]
[BlackFideId "8601445"]
[EventDate "2015.04.10"]

1. e4 e5 2. Nf3 Nc6 3. Nc3 Nf6 4. Bb5 Nd4 5. Bc4 d6 6. Nxd4 exd4 7. Nd5 Nxd5 8.
exd5 Qe7+ 9. Qe2 Bd7 10. b3 g6 11. Qxe7+ Kxe7 12. Bb2 Bg7 13. O-O-O Rhe8 14.
Rde1+ Kf8 15. a4 Rxe1+ 16. Rxe1 Re8 17. Rxe8+ Kxe8 18. Bb5 a6 19. Bxd7+ Kxd7 20.
Kd1 Be5 21. g3 d3 22. Bc3 dxc2+ 23. Kxc2 Ke7 24. Kd3 f5 25. f4 Bf6 26. b4 b5 27.
axb5 axb5 28. Bxf6+ Kxf6 29. Ke3 Kf7 30. Kd3 Kf6 31. Ke3 Kf7 32. Kd3 1/2-1/2

[Event "TCh-CHN 2015"]
[Site "China CHN"]
[Date "2015.07.24"]
[Round "8.5"]
[Board "4"]
[White "Tan, Zhongyi"]
[Black "Xiao, Yiyi"]
[Result "1/2-1/2"]
[WhiteTitle "WGM"]
[BlackTitle "WFM"]
[WhiteElo "2487"]
[BlackElo "2218"]
[WhiteTeam "Chongqing"]
[BlackTeam "Shandong"]
[WhiteFideId "8603642"]
[BlackFideId "8606161"]
[EventDate "2015.04.10"]

1. d4 Nf6 2. c4 e6 3. Nf3 Bb4+ 4. Nbd2 d5 5. a3 Be7 6. e3 O-O 7. Bd3 b6 8. O-O
Bb7 9. cxd5 exd5 10. b4 Nbd7 11. Qe2 a6 12. Bb2 Ne4 13. Rac1 Bd6 14. Ne5 Qe7 15.
Nxd7 Qxd7 16. Nf3 Qe7 17. Ne5 f6 18. Nc6 Qe8 19. b5 axb5 20. Bxb5 Qg6 21. a4 Qh6
22. h3 Bc8 23. Rfe1 Qg6 24. Bd3 Bxh3 25. f3 Qg3 26. f4 Bg4 27. Qc2 Ng5 28. Kf1
Qh2 29. Bf5 Nh3 30. gxh3 Qxh3+ 31. Qg2 Bxf5 32. Ra1 Qxg2+ 33. Kxg2 Bd7 34. Rec1
Rfe8 35. Kf2 Re6 36. a5 bxa5 37. Nxa5 Rae8 38. Rc3 Bxf4 39. exf4 Re2+ 40. Kf3
Rxb2 41. Rxc7 Re7 42. f5 Kf7 43. Nb7 Rb3+ 44. Kf2 Rb2+ 45. Kf3 Rb3+ 46. Kf2 Rb6
47. Ra7 Rb2+ 48. Kf3 Rb3+ 49. Kf2 Rb2+ 50. Kf3 1/2-1/2

[Event "TCh-CHN 2015"]
[Site "China CHN"]
[Date "2015.07.24"]
[Round "8.5"]
[Board "5"]
[White "Huang, Qian"]
[Black "Xu, Huahua"]
[Result "1-0"]
[WhiteTitle "WGM"]
[BlackTitle "WIM"]
[WhiteElo "2473"]
[BlackElo "2105"]
[WhiteTeam "Chongqing"]
[BlackTeam "Shandong"]
[WhiteFideId "8602689"]
[BlackFideId "8604096"]
[EventDate "2015.04.10"]

1. c4 c5 2. Nf3 g6 3. d4 cxd4 4. Nxd4 Bg7 5. e4 d6 6. Nc3 Nc6 7. Be3 Nf6 8. Be2
O-O 9. O-O a6 10. f3 Bd7 11. Qd2 Nxd4 12. Bxd4 Qa5 13. Rfd1 Rfc8 14. a3 Be6 15.
b3 Qd8 16. Kh1 Nd7 17. Bxg7 Kxg7 18. f4 f6 19. Rab1 Qe8 20. Bf3 Rab8 21. a4 b6
22. Ne2 Nc5 23. Nd4 Bf7 24. Qe3 e5 25. Ne2 Qe6 26. h3 Re8 27. f5 gxf5 28. exf5
Qxf5 29. Ng3 Qg6 30. Bh5 Qg5 31. Qxg5+ fxg5 32. Nf5+ Kf8 33. Bxf7 Kxf7 34. Nxd6+
Ke6 35. Nxe8 Rxe8 36. Rd5 e4 37. a5 Nd3 38. axb6 Rb8 39. Rxg5 Rxb6 40. Kg1 Kf6
41. Rd5 Nb4 42. Rf1+ Ke6 43. Rh5 Rb7 44. Re1 1-0

[Event "TCh-CHN 2015"]
[Site "China CHN"]
[Date "2015.07.24"]
[Round "8.6"]
[Board "1"]
[White "Zhou, Jianchao"]
[Black "Yu, Yangyi"]
[Result "1/2-1/2"]
[WhiteTitle "GM"]
[BlackTitle "GM"]
[WhiteElo "2578"]
[BlackElo "2724"]
[WhiteTeam "Shanghai"]
[BlackTeam "Beijing"]
[WhiteFideId "8603537"]
[BlackFideId "8603820"]
[EventDate "2015.04.10"]

1. d4 Nf6 2. c4 e6 3. Nf3 d5 4. Nc3 Bb4 5. Bg5 h6 6. Bxf6 Qxf6 7. Qa4+ Nc6 8. e3
O-O 9. Be2 Bd7 10. Qb3 dxc4 11. Qxc4 Qg6 12. O-O Bd6 13. Rfd1 Na5 14. Qd3 Qxd3
15. Bxd3 Nc6 16. Rac1 Rfd8 17. Be2 Be8 18. Nb5 Rac8 19. Nxd6 cxd6 20. Rc3 Nb4
21. Ra1 Kf8 22. Kf1 f6 23. a3 Rxc3 24. bxc3 Nc6 25. Nd2 Na5 26. Nc4 Nxc4 27.
Bxc4 e5 28. Bd3 Rc8 29. Rc1 Ke7 30. Ke1 Bf7 1/2-1/2

[Event "TCh-CHN 2015"]
[Site "China CHN"]
[Date "2015.07.24"]
[Round "8.6"]
[Board "3"]
[White "Lou, Yiping"]
[Black "Xiu, Deshun"]
[Result "1/2-1/2"]
[WhiteTitle "IM"]
[BlackTitle "GM"]
[WhiteElo "2453"]
[BlackElo "2557"]
[WhiteTeam "Shanghai"]
[BlackTeam "Beijing"]
[WhiteFideId "8603928"]
[BlackFideId "8603693"]
[EventDate "2015.04.10"]

1. d4 Nf6 2. c4 e6 3. Nf3 Bb4+ 4. Bd2 Qe7 5. g3 Bxd2+ 6. Qxd2 Nc6 7. Nc3 d5 8.
cxd5 exd5 9. Bg2 O-O 10. O-O h6 11. Qc2 Re8 12. e3 a6 13. a3 Na7 14. Rac1 c6 15.
Ne5 Nb5 16. Nxb5 axb5 17. Rfe1 Ng4 18. Nxg4 Bxg4 19. Qc5 Qxc5 20. Rxc5 Ra4 21.
Rc3 Rea8 22. Rec1 b4 23. Rb3 bxa3 24. bxa3 R8a7 25. f3 Be6 26. Rcc3 Kf8 27. Kf2
Ke7 28. Bf1 Kd6 29. Bd3 f5 30. Ke2 b5 31. Kd2 g5 32. f4 R4a5 33. Ke2 g4 34. Kf2
h5 35. Bf1 Ra8 36. Be2 Rh8 37. Rb4 Bd7 38. Bf1 Rha8 39. Rbb3 Ra4 40. Be2 Rh8 41.
Bf1 h4 42. Kg1 Ra7 43. Rb4 Rha8 44. Rbb3 Rh8 45. Kf2 Be8 46. Kg1 Bd7 47. Kf2 Ra4
48. Kg1 Raa8 49. Bg2 Ra7 50. Bf1 Ra4 51. Be2 hxg3 52. hxg3 Rh3 53. Bf1 Rh8 54.
Rb2 Rha8 55. Rbb3 Rh8 56. Rb2 Rha8 57. Rbb3 R4a5 58. Kf2 Ra4 1/2-1/2

[Event "TCh-CHN 2015"]
[Site "China CHN"]
[Date "2015.07.24"]
[Round "8.6"]
[Board "4"]
[White "Harika, Dronavalli"]
[Black "Zhang, Xiaowen"]
[Result "1/2-1/2"]
[WhiteTitle "GM"]
[BlackTitle "WGM"]
[WhiteElo "2508"]
[BlackElo "2349"]
[WhiteTeam "Beijing"]
[BlackTeam "Shanghai"]
[WhiteFideId "5015197"]
[BlackFideId "8603219"]
[EventDate "2015.04.10"]

1. d4 Nf6 2. Nf3 d5 3. c4 e6 4. g3 dxc4 5. Bg2 c5 6. O-O Nc6 7. dxc5 Qxd1 8.
Rxd1 Bxc5 9. Nbd2 c3 10. bxc3 O-O 11. Nb3 Be7 12. Nfd4 Nxd4 13. cxd4 Nd5 14. Bd2
f5 15. Na5 b6 16. Nc6 Bf6 17. a4 Bb7 18. Ne5 Rfd8 19. a5 Rac8 20. axb6 axb6 21.
e3 Rc2 22. Nd3 Bc6 23. Ne1 Rb2 24. Nd3 Rc2 25. Bf1 Be8 26. Be1 Rdc8 27. Rdb1
R2c7 28. Nb4 Nxb4 29. Bxb4 Bc6 30. Ba3 Be4 31. Rxb6 Ra8 32. Ra6 Rxa6 33. Bxa6
Ra7 34. Bb2 g5 35. Bc4 Rxa1+ 36. Bxa1 Kf7 37. Bc3 Be7 38. Bf1 g4 39. Bg2 Bd3 40.
f3 h5 41. h4 Kg6 42. Kf2 gxf3 43. Bxf3 Be4 44. Be2 Bd6 45. Bb5 Kf7 46. Ba4 Bd5
47. Bd1 Kg6 48. Bf3 Be4 49. Ba5 Bb8 50. Bd8 Bd6 51. Bg5 Bb4 52. Bf4 Ba5 53. Be2
Bc6 54. Bc4 Kf7 55. Ke2 Be4 56. Bb5 Bb4 57. Ba4 Ke7 58. Kd1 Kf7 59. Bc2 Bf3+ 60.
Kc1 Ba3+ 61. Kb1 Be4 62. Bxe4 fxe4 63. Kc2 Bb4 64. Kb3 Be1 65. Kc4 Kf6 66. Kc5
Kf5 67. Kd6 Kf6 68. Be5+ Kf5 69. Ke7 Bf2 70. Bf4 Be1 71. Kf7 Bf2 72. Ke7 Be1 73.
Ke8 Kf6 74. Kf8 Kf5 75. Kg7 Bf2 76. Kf7 Be1 77. Ke7 Bf2 78. Kf7 Be1 79. Ke7 Bf2
80. Kf7 Be1 1/2-1/2

[Event "TCh-CHN 2015"]
[Site "China CHN"]
[Date "2015.07.25"]
[Round "9.1"]
[Board "1"]
[White "Xiu, Deshun"]
[Black "Ma, Zhonghan"]
[Result "1-0"]
[WhiteTitle "GM"]
[BlackTitle "IM"]
[WhiteElo "2557"]
[BlackElo "2468"]
[WhiteTeam "Beijing"]
[BlackTeam "Qingdao"]
[WhiteFideId "8603693"]
[BlackFideId "8607206"]
[EventDate "2015.04.10"]

1. d4 Nf6 2. c4 e6 3. Nc3 Bb4 4. Nf3 c5 5. e3 d5 6. Bd3 O-O 7. O-O Nc6 8. cxd5
exd5 9. dxc5 Bxc5 10. b3 Bg4 11. Bb2 Rc8 12. h3 Bxf3 13. Qxf3 Ne5 14. Qf5 Nxd3
15. Qxd3 d4 16. Na4 dxe3 17. Nxc5 Rxc5 18. Qxe3 Rc2 19. Ba3 Re8 20. Qxa7 Ne4 21.
Bb4 Qc8 22. Rae1 h6 23. a3 Re6 24. Qd4 Ng5 25. h4 Rxe1 26. Rxe1 Ne6 27. Qe5 Qd7
28. Qd6 Qxd6 29. Bxd6 Rb2 30. Re3 Nd4 31. b4 Nf5 32. Re8+ Kh7 33. Bc5 Rb3 34.
Rb8 Rxa3 35. Rxb7 Kg6 36. Rb6+ f6 37. g3 Rc3 38. Rb7 Rc4 39. Rd7 h5 40. Kf1 Rc2
41. Ke1 Nh6 42. Kd1 Rb2 43. Kc1 Ra2 44. Kb1 Ra8 45. Kb2 Ng4 46. Bd4 Ne5 47. Rc7
Rb8 48. Kc3 Kf5 49. Rxg7 Ke4 50. Bxe5 fxe5 51. Rf7 Rc8+ 52. Kb3 Kd3 53. Rd7+ Ke4
54. b5 Rf8 55. Rd2 Kf3 56. Kb4 Rb8 57. Rb2 e4 58. Kc5 Rc8+ 59. Kd6 1-0

[Event "TCh-CHN 2015"]
[Site "China CHN"]
[Date "2015.07.25"]
[Round "9.1"]
[Board "4"]
[White "Zhou, Guijue"]
[Black "Wang, Jue"]
[Result "1-0"]
[WhiteTitle "WIM"]
[BlackTitle "WGM"]
[WhiteElo "2175"]
[BlackElo "2365"]
[WhiteTeam "Qingdao"]
[BlackTeam "Beijing"]
[WhiteFideId "8602905"]
[BlackFideId "8604070"]
[EventDate "2015.04.10"]

1. e4 c5 2. Nf3 d6 3. Nc3 a6 4. d4 cxd4 5. Nxd4 Nf6 6. g3 e6 7. Bg2 Be7 8. O-O
O-O 9. Be3 Qc7 10. f4 Nc6 11. Kh1 Rb8 12. a4 Na5 13. f5 Nc4 14. Bc1 e5 15. Nde2
b5 16. axb5 axb5 17. b3 b4 18. Nd5 Nxd5 19. exd5 Nb6 20. Be3 Bf6 21. Be4 Nd7 22.
g4 Nc5 23. Ng3 Bh4 24. Bg2 Bxg3 25. hxg3 f6 26. Qd2 h6 27. Ra2 Rb7 28. Rfa1 Rb5
29. Ra7 Bb7 30. Qe2 Rb6 31. R1a5 Rc8 32. Qc4 Qb8 33. Bxc5 Rxc5 34. Rxc5 Qxa7 35.
Rc7 Qa1+ 36. Kh2 Ba6 37. Rxg7+ Kf8 38. Ra7 Bxc4 39. Rxa1 Be2 40. Ra8+ Kg7 41.
Ra7+ Kg8 42. Kh3 Ra6 43. Rb7 Ra2 44. Be4 Bd1 45. Rxb4 Bxc2 46. Bxc2 Rxc2 47. Rb6
Rb2 48. Rxd6 Kg7 49. Rb6 Kf7 50. Rb7+ Ke8 51. d6 Rd2 52. Re7+ Kf8 53. Re6 Kf7
54. b4 Rb2 55. Re7+ Kf8 56. Rh7 Rd2 57. Rxh6 Kg7 58. g5 fxg5 59. Re6 Rd4 60. b5
Kf7 61. b6 Rb4 62. d7 g4+ 63. Kh4 1-0

[Event "TCh-CHN 2015"]
[Site "China CHN"]
[Date "2015.07.25"]
[Round "9.1"]
[Board "5"]
[White "Gunina, Valentina"]
[Black "Zhao, Xue"]
[Result "0-1"]
[WhiteTitle "GM"]
[BlackTitle "GM"]
[WhiteElo "2528"]
[BlackElo "2527"]
[WhiteTeam "Qingdao"]
[BlackTeam "Beijing"]
[WhiteFideId "4167570"]
[BlackFideId "8601283"]
[EventDate "2015.04.10"]

1. Nf3 Nf6 2. c4 b6 3. g3 c5 4. Bg2 Bb7 5. O-O e6 6. b3 d6 7. Bb2 Nbd7 8. Nc3
Be7 9. d4 cxd4 10. Qxd4 a6 11. Rad1 Qc7 12. Ng5 Bxg2 13. Kxg2 Qc6+ 14. Kg1 O-O
15. Qf4 b5 16. Nce4 bxc4 17. bxc4 Nxe4 18. Nxe4 Rad8 19. Rd2 Nb6 20. Rc1 f5 21.
Ng5 e5 22. Qf3 Rc8 23. c5 dxc5 24. Qh5 h6 25. Nf3 e4 26. Ne5 Qe8 27. Qxe8 Rfxe8
28. Ng6 Bg5 29. e3 Red8 30. Rxd8+ Bxd8 31. h4 Kf7 32. h5 Bf6 33. Rb1 Na4 34.
Bxf6 Kxf6 35. Rb7 c4 36. Ra7 Rc6 37. Ne7 c3 38. Nd5+ Ke5 39. Nb4 c2 40. Nxc6+
Kd6 41. Nd4 c1=Q+ 42. Kg2 Nc5 43. Nxf5+ Ke5 44. Nd4 Qd1 45. Rxg7 Qxh5 46. g4 Qe8
47. Nf5 Qf8 48. Rg6 h5 49. Rg5 hxg4 50. Nd4+ Kd6 51. Rxc5 Qh8 52. Rg5 Qh3+ 53.
Kg1 Kc7 0-1

[Event "TCh-CHN 2015"]
[Site "China CHN"]
[Date "2015.07.25"]
[Round "9.2"]
[Board "1"]
[White "Wang, Chen"]
[Black "Zhou, Jianchao"]
[Result "1/2-1/2"]
[WhiteTitle "IM"]
[BlackTitle "GM"]
[WhiteElo "2500"]
[BlackElo "2578"]
[WhiteTeam "Chongqing"]
[BlackTeam "Shanghai"]
[WhiteFideId "8601020"]
[BlackFideId "8603537"]
[EventDate "2015.04.10"]

1. d4 Nf6 2. Nf3 g6 3. Bf4 Bg7 4. c3 d6 5. h3 O-O 6. Nbd2 b6 7. e3 Bb7 8. Be2 c5
9. O-O Nbd7 10. Bh2 Rc8 11. Re1 Ne4 12. Nxe4 Bxe4 13. Bd3 Nf6 14. Ba6 Rc7 15.
Nd2 Bc6 16. a4 Ne4 17. Bf1 Nxd2 18. Qxd2 Qd7 19. a5 cxd4 20. cxd4 Bb5 21. axb6
axb6 22. Qb4 Bxf1 23. Rxf1 Qc6 24. Ra3 Rfc8 25. Rc3 Qb7 26. Rfc1 Rxc3 27. Rxc3
Rxc3 28. bxc3 b5 29. Bf4 Qc6 30. Qa5 Qe8 31. Qc7 d5 32. Qb7 e6 33. Bd6 h5 34.
Kf1 Bh6 35. Be7 Bg7 36. Bc5 f5 37. Ke2 Bf6 38. Kd2 g5 39. Bd6 g4 40. Kc1 Bh4 41.
g3 Bd8 42. h4 Bf6 43. Kb2 Bd8 44. Ka3 Bf6 45. Kb4 Bd8 46. Bc5 Bf6 47. Kb3 Bd8
48. Qb8 Kf7 49. Qd6 Bf6 50. Qc7+ Kg6 51. Qb7 Bd8 52. Qc8 Kf7 53. Bd6 Bf6 54.
Qb7+ Kg6 55. Kb4 Bd8 56. Bc5 Bf6 57. Qa6 Kf7 58. Kb3 Kg6 59. Qd6 Kf7 60. Bb4 Kg6
61. Ba5 Qc8 62. Kb2 Kf7 63. Bb4 Kg6 64. Bc5 Kf7 65. Kb3 Kg6 66. Kb4 Qe8 67. Qa6
Kf7 68. Bd6 Kg6 69. Kc5 Kf7 70. Qb7+ Kg6 71. Kb4 Bd8 72. Kb3 Bf6 73. Kc2 Bd8 74.
Kd2 Bf6 75. Ke2 Bd8 76. f3 gxf3+ 77. Kxf3 Bf6 78. Ke2 Bg7 79. Kd2 Bh6 80. Kd3
Bg7 81. Kc2 Bh6 82. Bf4 Bf8 83. Kb2 b4 84. cxb4 Qa4 85. Qb6 Qxb4+ 86. Qxb4 Bxb4
87. Kc2 Kf7 88. Kb3 Be1 89. Ka4 Ke8 90. Kb5 Kd7 91. Kc5 Ba5 92. Kb5 Bd2 93. Kc5
Bc1 94. Kb5 Ba3 95. Kb6 Be7 96. Kb5 Ba3 97. Kb6 Bc1 98. Kc5 Bd2 99. Kb5 Be1 100.
Kc5 Bf2 101. Kb6 Bg1 102. Kc5 Bf2 103. Kb5 Be1 104. Kc5 Bf2 1/2-1/2

[Event "TCh-CHN 2015"]
[Site "China CHN"]
[Date "2015.07.25"]
[Round "9.2"]
[Board "3"]
[White "Zhou, Weiqi"]
[Black "Lou, Yiping"]
[Result "1-0"]
[WhiteTitle "GM"]
[BlackTitle "IM"]
[WhiteElo "2627"]
[BlackElo "2453"]
[WhiteTeam "Chongqing"]
[BlackTeam "Shanghai"]
[WhiteFideId "8601674"]
[BlackFideId "8603928"]
[EventDate "2015.04.10"]

1. d4 Nf6 2. Nf3 g6 3. Bf4 Bg7 4. c3 O-O 5. Nbd2 d6 6. h3 Nc6 7. e3 Re8 8. Bh2
e5 9. dxe5 Nxe5 10. Nxe5 dxe5 11. Nf3 Nd7 12. Be2 Qe7 13. O-O a5 14. Qa4 Nb6 15.
Qc2 f6 16. Nd2 Bf5 17. e4 Be6 18. f4 exf4 19. Bxf4 Bf7 20. Rf2 Rad8 21. Raf1 a4
22. a3 Qc5 23. Kh1 Nc4 24. Nxc4 Bxc4 25. Qxa4 Rxe4 26. Bxc4+ Qxc4 27. Qxc4+ Rxc4
28. g4 Rd5 29. Kg2 c6 30. Be3 c5 31. Rd2 Rxd2+ 32. Bxd2 Kf7 33. Rd1 Re4 34. Kf3
f5 35. Bf4 b6 36. Bc7 b5 37. gxf5 gxf5 38. Rd5 Rc4 39. Bb6 b4 40. Rxf5+ Ke6 41.
Rxc5 Rxc5 42. Bxc5 bxc3 43. bxc3 Bxc3 44. Ke4 Kd7 45. Kd5 Kc7 46. Ke6 Kc6 47.
Bb4 Bd4 48. a4 Bf2 49. Ke5 Kb6 50. Kd5 Bg3 51. Ke4 Ka6 52. Kf5 Bf2 53. Bd2 Bg3
54. Kg5 Bf2 55. Kh6 Bg3 56. Kxh7 Bf2 57. Kg6 Bg3 58. Kg5 Bf2 59. Kf4 Bh4 60. Kg4
Bf2 61. Kf3 Bh4 62. Ke2 Kb6 63. Be1 Bf6 64. Kf3 Ka6 65. Kg4 Be7 66. Bd2 Bf6 67.
Bg5 Bd4 68. h4 Ka5 69. h5 1-0

[Event "TCh-CHN 2015"]
[Site "China CHN"]
[Date "2015.07.25"]
[Round "9.2"]
[Board "5"]
[White "Zhang, Xiaowen"]
[Black "Huang, Qian"]
[Result "1/2-1/2"]
[WhiteTitle "WGM"]
[BlackTitle "WGM"]
[WhiteElo "2349"]
[BlackElo "2473"]
[WhiteTeam "Shanghai"]
[BlackTeam "Chongqing"]
[WhiteFideId "8603219"]
[BlackFideId "8602689"]
[EventDate "2015.04.10"]

1. e4 g6 2. d4 Bg7 3. Nc3 c6 4. Nf3 d6 5. Be2 Nf6 6. O-O O-O 7. a4 Nbd7 8. a5 e5
9. dxe5 Nxe5 10. h3 Qe7 11. Bg5 h6 12. Bf4 Rd8 13. Re1 Nxf3+ 14. Bxf3 Nh7 15.
Be2 Ng5 16. Bf1 Be5 17. Qd2 Qf6 18. Bxe5 dxe5 19. Qe3 Kg7 20. Na4 Ne6 21. Nc5
Nxc5 22. Qxc5 Qd6 23. Qxd6 Rxd6 24. Red1 Rxd1 25. Rxd1 Be6 26. f3 Kf8 27. Kf2
Ke7 28. Ke3 Rd8 29. Rxd8 Kxd8 30. b4 Ke7 31. h4 g5 1/2-1/2

[Event "TCh-CHN 2015"]
[Site "China CHN"]
[Date "2015.07.25"]
[Round "9.3"]
[Board "1"]
[White "Wang, Rui"]
[Black "Liu, Qingnan"]
[Result "1-0"]
[WhiteTitle "GM"]
[BlackTitle "IM"]
[WhiteElo "2403"]
[BlackElo "2510"]
[WhiteTeam "Heibei"]
[BlackTeam "Shandong"]
[WhiteFideId "8601003"]
[BlackFideId "8603294"]
[EventDate "2015.04.10"]

1. d4 g6 2. g3 Bg7 3. Bg2 c5 4. c3 Qb6 5. Nf3 Nf6 6. O-O O-O 7. Re1 d5 8. dxc5
Qxc5 9. Be3 Qa5 10. Qc1 Ng4 11. Bd2 Qb6 12. Rf1 Nc6 13. h3 Nf6 14. Be3 Qa6 15.
Re1 e5 16. Bh6 Bxh6 17. Qxh6 Qb6 18. b3 Ne4 19. e3 f6 20. Nfd2 Ne7 21. g4 Nc5
22. c4 Nd3 23. Rf1 Be6 24. Nc3 Rad8 25. Rad1 Qb4 26. cxd5 Nxd5 27. Nxd5 Bxd5 28.
Ne4 Bxe4 29. a3 Qxb3 30. Bxe4 Rf7 31. Rb1 Qxa3 32. Bxb7 Qa2 33. Rb5 Qc4 34. Rfb1
Rfd7 35. Bd5+ Qxd5 36. Rxd5 Rxd5 37. Qh4 Kg7 38. g5 fxg5 39. Rb7+ R8d7 40. Qc4
Kh6 41. Rxa7 Rc5 42. Qa4 Rc1+ 43. Kg2 Rxa7 44. Qxa7 Rc2 45. Qa3 Rxf2+ 46. Kg1 e4
47. Qe7 Rf5 48. Qxe4 Nf2 49. Qg2 g4 50. hxg4 Nxg4 51. Qd2 Kh5 52. e4 Rf3 53.
Qd5+ Kh4 54. Qg8 h5 55. Qe8 g5 56. Kg2 Rf2+ 57. Kg1 Rf4 58. e5 Re4 59. e6 Kh3
60. Kf1 h4 61. e7 Ne3+ 62. Kf2 Nf5 63. Qd7 Rxe7 64. Qxf5+ g4 65. Kg1 Re1+ 66.
Kf2 Rc1 67. Qe6 Rb1 68. Qd7 Rb4 69. Qf5 Kh2 70. Kf1 g3 71. Qc2+ Kh3 72. Kg1 Kg4
73. Qd1+ Kf5 74. Qd7+ 1-0

[Event "TCh-CHN 2015"]
[Site "China CHN"]
[Date "2015.07.25"]
[Round "9.3"]
[Board "2"]
[White "Wan, Yunguo"]
[Black "Wen, Yang"]
[Result "0-1"]
[WhiteTitle "IM"]
[BlackTitle "GM"]
[WhiteElo "2477"]
[BlackElo "2573"]
[WhiteTeam "Heibei"]
[BlackTeam "Shandong"]
[WhiteFideId "8603189"]
[BlackFideId "8602956"]
[EventDate "2015.04.10"]

1. e4 e5 2. Nf3 Nc6 3. Bc4 Nf6 4. d3 Be7 5. O-O O-O 6. Re1 d6 7. c3 Kh8 8. Nbd2
h6 9. Bb3 Nh7 10. d4 Ng5 11. h3 f5 12. dxe5 dxe5 13. Nxg5 Bxg5 14. exf5 Bxf5 15.
Bc2 Bxd2 16. Bxd2 Qf6 17. Bxf5 Qxf5 18. Be3 e4 19. Qb3 b6 20. Rad1 Ne5 21. Rd5
Rae8 22. Red1 Qg6 23. Kh1 Nd3 24. Kg1 Rf3 25. Rd7 c5 26. Rxa7 Ref8 27. Rf1 Rxh3
28. Qd5 Rh5 29. Qb7 Ne5 30. Rd1 Qg4 31. Rd6 Nf3+ 0-1

[Event "TCh-CHN 2015"]
[Site "China CHN"]
[Date "2015.07.25"]
[Round "9.3"]
[Board "3"]
[White "Zhang, Pengxiang"]
[Black "Zhao, Jun"]
[Result "1/2-1/2"]
[WhiteTitle "GM"]
[BlackTitle "GM"]
[WhiteElo "2570"]
[BlackElo "2621"]
[WhiteTeam "Heibei"]
[BlackTeam "Shandong"]
[WhiteFideId "8600970"]
[BlackFideId "8602522"]
[EventDate "2015.04.10"]

1. d4 d5 2. c4 c6 3. Nc3 Nf6 4. cxd5 cxd5 5. Bf4 Nc6 6. e3 a6 7. Bd3 Bg4 8. Nge2
e6 9. h3 Bh5 10. O-O Be7 11. Rc1 Rc8 12. Bh2 O-O 13. Qd2 Nb4 14. Nf4 Nxd3 15.
Qxd3 Qd7 16. Nxh5 Nxh5 17. Rc2 Rc6 18. Rfc1 Rfc8 19. Ne2 Nf6 20. f3 Ne8 21. Rxc6
Rxc6 22. Rxc6 Qxc6 23. Qc3 Qxc3 24. Nxc3 Kf8 25. Kf2 Bb4 26. Nb1 Bd6 27. Bxd6+
Nxd6 28. Ke2 Ke7 29. Kd3 Kd7 30. Nd2 Kc6 1/2-1/2

[Event "TCh-CHN 2015"]
[Site "China CHN"]
[Date "2015.07.25"]
[Round "9.3"]
[Board "4"]
[White "Xiao, Yiyi"]
[Black "Zhai, Mo"]
[Result "0-1"]
[WhiteTitle "WFM"]
[BlackTitle "WIM"]
[WhiteElo "2218"]
[BlackElo "2324"]
[WhiteTeam "Shandong"]
[BlackTeam "Heibei"]
[WhiteFideId "8606161"]
[BlackFideId "8600201"]
[EventDate "2015.04.10"]

1. Nf3 Nf6 2. g3 d5 3. c4 e6 4. Bg2 Be7 5. O-O O-O 6. Qc2 c5 7. d4 cxd4 8. Nxd4
Nc6 9. Nxc6 bxc6 10. b3 Qb6 11. Nc3 Ba6 12. Na4 Qa5 13. Bb2 dxc4 14. bxc4 Rab8
15. Bc3 Bb4 16. Bxf6 gxf6 17. Rfd1 Rfd8 18. Nb2 Rxd1+ 19. Nxd1 Rd8 20. Ne3 Bc5
21. Ng4 Kg7 22. Qc1 Qd2 23. Bxc6 h5 24. Qxd2 Rxd2 25. Ne3 Bxe3 26. fxe3 Bxc4 27.
a4 Bxe2 28. Rc1 Kg6 29. Rc5 Rb2 30. Be8 Bf3 31. Rc7 Rg2+ 32. Kf1 Rb2 33. Rxa7
Kf5 34. Rxf7 Ra2 35. Bb5 Ke5 36. Re7 Bd5 37. Rc7 Ke4 38. Rc3 Kf3 39. Be2+ Ke4
40. Bxh5 Rxa4 41. Be2 Ra1+ 42. Kf2 Ra2 43. Kf1 Ke5 44. Bc4 Rd2 45. Be2 Be4 46.
Rc5+ Kd6 47. Ra5 Rb2 48. Ra6+ Ke5 49. Ra5+ Bd5 50. g4 Ke4 51. Ra3 Bb3 52. Ke1
Rb1+ 53. Kf2 Rb2 54. Ke1 Bd5 55. Kf2 Bc4 0-1

[Event "TCh-CHN 2015"]
[Site "China CHN"]
[Date "2015.07.25"]
[Round "9.3"]
[Board "5"]
[White "Xu, Huahua"]
[Black "Wang, Doudou"]
[Result "1/2-1/2"]
[WhiteTitle "WIM"]
[BlackTitle "WIM"]
[WhiteElo "2105"]
[BlackElo "2205"]
[WhiteTeam "Shandong"]
[BlackTeam "Heibei"]
[WhiteFideId "8604096"]
[BlackFideId "8603197"]
[EventDate "2015.04.10"]

1. e4 e5 2. Nf3 Nc6 3. Bb5 a6 4. Ba4 Nf6 5. O-O Be7 6. Re1 b5 7. Bb3 O-O 8. c3
d5 9. exd5 Nxd5 10. Nxe5 Nxe5 11. Rxe5 c6 12. d4 Bd6 13. Re1 Qh4 14. g3 Qh3 15.
Re4 g5 16. Qe2 f5 17. Bxd5+ cxd5 18. Re6 f4 19. Rxd6 Bg4 20. Qf1 Qxf1+ 21. Kxf1
Rae8 22. Bd2 Bh3+ 23. Kg1 fxg3 24. hxg3 Re2 25. Be3 Rxe3 26. fxe3 Rf1+ 27. Kh2
g4 28. Rxd5 Rf2+ 29. Kg1 Rf1+ 30. Kh2 Rf2+ 31. Kg1 1/2-1/2

[Event "TCh-CHN 2015"]
[Site "China CHN"]
[Date "2015.07.25"]
[Round "9.4"]
[Board "1"]
[White "Zhao, Yuanhe"]
[Black "Gao, Rui"]
[Result "1-0"]
[BlackTitle "GM"]
[WhiteElo "2217"]
[BlackElo "2533"]
[WhiteTeam "Chengdu"]
[BlackTeam "Hangzhou"]
[WhiteFideId "8609497"]
[BlackFideId "8602387"]
[EventDate "2015.04.10"]

1. c4 Nf6 2. Nc3 c5 3. g3 Nc6 4. Bg2 g6 5. Nf3 Bg7 6. d4 cxd4 7. Nxd4 O-O 8. O-O
Qa5 9. Nb3 Qh5 10. c5 d6 11. cxd6 Rd8 12. e4 Rxd6 13. Qxh5 Nxh5 14. Be3 Rd8 15.
Rfd1 Bg4 16. f3 Bd7 17. Bf1 Nf6 18. Rac1 Be8 19. Kf2 Rac8 20. Be2 h5 21. h3 Bd7
22. Nc5 Bxh3 23. Rh1 Bd7 24. Nxb7 Rf8 25. Nc5 a5 26. Rhd1 Ne5 27. Nxd7 Nexd7 28.
b3 e6 29. Na4 Rfd8 30. Bb5 Ne5 31. Ke2 Rb8 32. Rxd8+ Rxd8 33. Rc5 h4 34. gxh4
Nh5 35. Ba6 Bf6 36. Bg5 Bxg5 37. hxg5 Nd7 38. Rc8 Rf8 39. Nb2 Nb6 40. Rxf8+ Kxf8
41. Nc4 Nxc4 42. Bxc4 Ke7 43. e5 Kd8 44. Kd3 Ng7 45. Kd4 Kc7 46. Kc5 Nf5 47. Bd3
Nh4 48. Be2 Nf5 49. Bd3 Nh4 50. Be4 Ng2 51. Kb5 Nf4 52. Kxa5 Nh3 53. f4 Nxf4 54.
b4 Ne2 55. a4 Nc3 56. Bf3 Nb1 57. b5 Nd2 58. b6+ Kb8 59. Bg2 1-0